000
00279 a2200121 4500
020
_a
0749442344
090
_c
2478
_d
2478
100
_a
Timothy R
245
_a
How to succeed as an independent consultant
260
_a
New Delhi
300
_a
166
942
_a
NBS
_c
BK
_k
658.46 FOS
999
_c
344975
_d
344975